LEADER 02871nam 2200601 450 001 9910138996903321 005 20200520144314.0 010 $a1-118-74295-8 010 $a1-118-74280-X 035 $a(CKB)2550000001130088 035 $a(EBL)1469285 035 $a(OCoLC)860923421 035 $a(SSID)ssj0001042012 035 $a(PQKBManifestationID)11577327 035 $a(PQKBTitleCode)TC0001042012 035 $a(PQKBWorkID)11048712 035 $a(PQKB)11517084 035 $a(OCoLC)874813662 035 $a(MiAaPQ)EBC1469285 035 $a(Au-PeEL)EBL1469285 035 $a(CaPaEBR)ebr10777227 035 $a(CaONFJC)MIL530135 035 $a(PPN)224600184 035 $a(EXLCZ)992550000001130088 100 $a20131029h20142014 uy| 0 101 0 $aeng 135 $aurcnu|||||||| 181 $ctxt 182 $cc 183 $acr 200 10$aAdvances in organometallic chemistry and catalysis $ethe Silver/Gold Jubilee International Conference on Organometallic Chemistry Celebratory Book /$fedited by Armando J.L. Pombeiro 210 1$aHoboken :$cWiley,$d[2014] 210 4$dİ2014 215 $a1 online resource (770 p.) 300 $aDescription based upon print version of record. 311 $a1-118-51014-3 311 $a1-299-98884-9 320 $aIncludes bibliographical references and index. 327 $apart I. Activation and functionalization of carbon single bonds and of small molecules -- part II. Organometallic synthesis and catalysis -- part III. Organometallic polymerization catalysis -- part Ivolume Organometallic polymers and materials -- part volume Organometallic chemistry and sustainable energy -- part VI. Bioorganometallic chemistry -- part VII. Organometallic electrochemistry. 330 $aA contemporary compilation of recent achievements in organometallic chemistry The prestigious International Conference on Organometallic Chemistry (ICOMC) was launched in 1963, providing a forum for researchers from around the world to share their findings and explore new paths to advance our knowledge and application of organometallic chemistry. The 25th ICOMC, held in Lisbon in 2012, gathered more than 1,200 participants from 54 countries. This volume celebrates the 25th Silver Edition and the 50th Gold Year of the ICOMC. Featuring contributions from invited 25th ICOMC spea 606 $aOrganometallic chemistry$xResearch$vCongresses 615 0$aOrganometallic chemistry$xResearch 676 $a770 686 $aSCI013040$2bisacsh 701 $aPombeiro$b A. J. L$g(Armando J. L.)$0916582 712 12$aInternational Conference on Organometallic Chemistry. 801 0$bMiAaPQ 801 1$bMiAaPQ 801 2$bMiAaPQ 906 $aBOOK 912 $a9910138996903321 996 $aAdvances in organometallic chemistry and catalysis$92054857 997 $aUNINA LEADER 02020nam 2200445 450 001 9910813362003321 005 20220527214805.0 010 $a1-9787-0334-1 035 $a(CKB)4100000007122885 035 $a(MiAaPQ)EBC5570866 035 $a(Au-PeEL)EBL5570866 035 $a(OCoLC)1055571249 035 $a(EXLCZ)994100000007122885 100 $a20220527d2019 uy 0 101 0 $aeng 135 $aurcnu|||||||| 181 $ctxt$2rdacontent 182 $cc$2rdamedia 183 $acr$2rdacarrier 200 10$aBeing subordinate men $ePaul's rhetoric of gender and power in 1 Corinthians /$fBrian J. Robinson 210 1$aLanham, Maryland :$cLexington Books/Fortress Academic,$d[2019] 210 4$dİ2019 215 $a1 online resource (283 pages) 311 $a1-9787-0333-3 320 $aIncludes bibliographical references and index. 327 $aIntro -- Contents -- Preface and Acknowledgments -- Abbreviations -- Chapter One. Uncovering Paul's Body -- Chapter Two. The Body, Masculinity, and Power -- Chapter Three. Reconstructed Masculinity -- Chapter Four. Paul's Subordinate Masculinity -- Chapter Five. Manifestations of Subordinate Masculinity in Paraenesis -- Chapter Six. Summary and Test of the Argument -- Bibliography -- Subject Index -- Author Index -- Ancient Sources -- About the Author. 330 $aBeing Subordinate Men offers a gender critical examination of Paul's use of gender and power in the argument of 1 Corinthians, showing that the apostle consistently undermines first-century Roman norms of masculinity. 606 $aMasculinity$xBiblical teaching 606 $aMasculinity in the Bible 615 0$aMasculinity$xBiblical teaching. 615 0$aMasculinity in the Bible. 676 $a227.206 700 $aRobinson$b Brian J$c(Adjunct Faculty Member),$01658946 801 0$bMiAaPQ 801 1$bMiAaPQ 801 2$bMiAaPQ 906 $aBOOK 912 $a9910813362003321 996 $aBeing subordinate men$94013303 997 $aUNINA